| 000 | 00992cam a2200229 4500 | ||
|---|---|---|---|
| 001 | X118299 | ||
| 008 | 020208n2002 000 0 eng u | ||
| 035 | _a(Sirsi) u118299 | ||
| 245 | _aDelaware Mansions Ltd and Another v Lord Mayor and Citizens of the City of Westminster | ||
| 260 | _c2002 | ||
| 490 |
_aBuilding Law Reports _v[2002] 1 BLR 25-35(11) |
||
| 520 | _aNuisance - encroachment by tree roots - damage to buildings - when damage caused - continuation of nuisance - continuing of cause of action - damages. Fulljudgement available on http://www.parliament.the-stationery-office.co.uk/pa/ld200102/ldjudgmt/jd011025/dela-1.htm. | ||
| 650 | _aDELAWARE MANSIONS AND FLECKSUN V WESTMINSTER CC | ||
| 650 | _aTREE ROOT SUBSIDENCE | ||
| 650 | _aLANDOWNERS | ||
| 650 | _aLIABILITY | ||
| 650 | _aDUTY OF CARE | ||
| 650 | _aTREE ROOTS | ||
| 690 | _aPROPERTY | ||
| 856 | _uhttps://www.parliament.the-stationery-office.co.uk/pa/ld200102/ldjudgmt/jd011025/dela-1.htm | ||
| 942 | _n0 | ||
| 999 |
_c70430 _d70430 |
||